Nüfus ve yerleşme / (Kayıt no. 10179)

MARC ayrıntıları
000 -BAŞLIK
Sabit Uzunluktaki Kontrol Alanı 01009nam a22002417a 4500
003 - KONTROL NUMARASI KİMLİĞİ
Kontrol Alanı KOHA_MİRAKIL
005 - EN SON İŞLEM TARİHİ ve ZAMANI
Kontrol Alanı 20260407094925.0
008 - SABİT UZUNLUKTAKİ VERİ ÖGELERİ - GENEL BİLGİ
Sabit Alan 260407b tu ||||| |||| 00| 0 tur d
040 ## - KATALOGLAMA KAYNAĞI
Özgün Kataloglama Kurumu TR-AnABB
Kataloglama Dili tur
Çeviri Kurumu TR-AnABB
041 ## - DİL KODU
Metin ya da ses kaydının dil kodu tur
082 ## - DEWEY ONU SINIFLAMA SİSTEMİ
Sınıflama Numarası 304.6
Cutter numarası TAN 1966
100 1# - KİŞİ ADI
Yazar Adı (Kişi adı) Tanoğlu, Ali,
İsimle ilişkili tarihler 1904-1978
245 10 - ESER ADI BİLDİRİMİ
Başlık Nüfus ve yerleşme /
Sorumluluk Bildirimi Ali Tanoğlu
246 ## - DEĞİŞİK BAŞLIK FORMU
Başlık uygun / kısa başlık Beşeri Coğrafya
260 ## - YAYIN, DAĞITIM, VB.
Yayın Yeri İstanbul :
Yayınevi İstanbul Üniversitesi Yayınları,
Yayın Tarihi 1969
300 ## - FİZİKSEL TANIMLAMA
Sayfa, Cilt vb. 256 sayfa ;
Boyutları 22 cm
490 0# - DİZİ BİLDİRİMİ
Dizi Bildirimi İstanbul Üniversitesi Yayınları ;
Cilt Numarası no: 1183
500 ## - GENEL NOT
Genel Not Cilt 1
500 ## - GENEL NOT
Genel Not Yazar tarafından imzalı
505 ## - İÇİNDEKİLER NOTU
İçindekiler Notu İçindekiler: Coğrafya nedir - Nüfus - Dünyada nüfus artışı ve doğurduğu problem - Nüfus yoğunluğu - Yer yüzünde nüfusun dağılışı - Seyrek nüfuslu bölgeler - Sık nüfuslu bölgeler - Türkiye nüfusu - Yerleşme - Ev ve Ev Şekilleri - Kır Yerleşmesi - Yerleşme Şekilleri
650 04 - KONU BAŞLIĞI EK GİRİŞ - KONU TERİMİ
Konusal terim veya coğrafi ad Nüfus / Demografi
942 ## - EK GİRİŞ ÖGELERİ (KOHA)
Sınıflama Kaynağı Dewey Decimal Classification
Materyal Türü Kitap
900 ## - YEREL BİLGİ
Kontrol Can ÇELIK
Mevcut
Geri Çekilme Durumu Kayıp Durumu Sınıflandırma Kaynağı Kredi için değil Kalıcı Konum Mevcut Konum Kayıt Tarih Toplam Ödünçverme Yer Numarası Demirbaş Numarası Son Görülme Tarihi Fatura Tarihi Materyal Türü
    Dewey Decimal Classification   Prof. Dr. Ruşen Keleş Kütüphanesi Prof. Dr. Ruşen Keleş Kütüphanesi 07/04/2026   304.6 TAN 1966 RK7011 07/04/2026 07/04/2026 Kitap